Engineering physics and chemistry / (Record no. 127749)
[ view plain ]
| 000 -LEADER | |
|---|---|
| fixed length control field | 00813nam a22002537a 4500 |
| 005 - DATE AND TIME OF LATEST TRANSACTION | |
| control field | 20170124110030.0 |
| 010 ## - LIBRARY OF CONGRESS CONTROL NUMBER | |
| LC control number | B-164338 |
| 020 ## - INTERNATIONAL STANDARD BOOK NUMBER | |
| Terms of availability | 200.00 |
| International Standard Book Number | 8183600123 |
| 035 ## - SYSTEM CONTROL NUMBER | |
| System control number | B-164338 |
| 037 ## - SOURCE OF ACQUISITION | |
| Source of stock number/acquisition | Cen Lib/Ret |
| 040 ## - CATALOGING SOURCE | |
| Original cataloging agency | DPL |
| Language of cataloging | EN |
| 082 ## - DEWEY DECIMAL CLASSIFICATION NUMBER | |
| Classification number | 530 |
| Item number | SUB |
| 100 ## - MAIN ENTRY--PERSONAL NAME | |
| Personal name | Subhash Chander |
| 9 (RLIN) | 79959 |
| 245 ## - TITLE STATEMENT | |
| Title | Engineering physics and chemistry / |
| Statement of responsibility, etc | by Subhash Chander [and] Shashi Bhushan Jha |
| 250 ## - EDITION STATEMENT | |
| Edition statement | 2nd ed |
| 260 ## - PUBLICATION, DISTRIBUTION, ETC. (IMPRINT) | |
| Place of publication, distribution, etc | New Delhi |
| Name of publisher, distributor, etc | Jain Brothers |
| Date of publication, distribution, etc | 2006 |
| 270 ## - ADDRESS | |
| Address | 16/873, East Park Road Near Dr. N.C. JoshiHospital, Karol Bagh |
| City | New Delhi |
| Postal code | 110005 |
| 300 ## - PHYSICAL DESCRIPTION | |
| Extent | 580p.: |
| Dimensions | 20cm(Hb) |
| Other physical details | ill. |
| 500 ## - GENERAL NOTE | |
| General note | Includes index<br/> |
| 650 ## - SUBJECT ADDED ENTRY--TOPICAL TERM | |
| Topical term or geographic name as entry element | Engineering--Physics |
| 9 (RLIN) | 79960 |
| 650 ## - SUBJECT ADDED ENTRY--TOPICAL TERM | |
| Topical term or geographic name as entry element | Engineering--Chemistry |
| 9 (RLIN) | 79961 |
| 700 ## - ADDED ENTRY--PERSONAL NAME | |
| Personal name | Jha, Shashi Bhushan |
| 9 (RLIN) | 21419 |
| 942 ## - ADDED ENTRY ELEMENTS (KOHA) | |
| Source of classification or shelving scheme | Dewey Decimal Classification |
| Koha item type | English Books |
| Classification part | 530 |
| Call number suffix | SUB |
| Withdrawn status | Lost status | Damaged status | Not for loan | Home library | Current library | Date acquired | Source of acquisition | Cost, normal purchase price | Total Checkouts | Full call number | Barcode | Date last seen | Date checked out | Copy number | Cost, replacement price | Price effective from | Koha item type |
|---|---|---|---|---|---|---|---|---|---|---|---|---|---|---|---|---|---|
| Central Library | Central Library | 30/06/2015 | Cen Lib/Ret | 200.00 | 1 | 530 SUB | B-164338 | 27/06/2017 | 12/06/2017 | 1 | 200.00 | 30/06/2015 | English Books |
